<?xml version="1.0" encoding="UTF-8"?>
<record
    xmlns:xsi="http://www.w3.org/2001/XMLSchema-instance"
    xsi:schemaLocation="http://www.loc.gov/MARC21/slim http://www.loc.gov/standards/marcxml/schema/MARC21slim.xsd"
    xmlns="http://www.loc.gov/MARC21/slim">

  <leader>00948nam a22002417a 4500</leader>
  <controlfield tag="005">20150202114243.0</controlfield>
  <controlfield tag="008">140714b        xxu||||| |||| 00| 0 Urdu d</controlfield>
  <datafield tag="010" ind1=" " ind2=" ">
    <subfield code="a">UR-8565</subfield>
  </datafield>
  <datafield tag="020" ind1=" " ind2=" ">
    <subfield code="a">9788192657745</subfield>
    <subfield code="c">250.00</subfield>
  </datafield>
  <datafield tag="035" ind1=" " ind2=" ">
    <subfield code="a">U-7120</subfield>
  </datafield>
  <datafield tag="037" ind1=" " ind2=" ">
    <subfield code="b">DBAD/Pub</subfield>
  </datafield>
  <datafield tag="040" ind1=" " ind2=" ">
    <subfield code="a">DPL</subfield>
    <subfield code="b">Urdu</subfield>
  </datafield>
  <datafield tag="082" ind1=" " ind2=" ">
    <subfield code="a">270</subfield>
  </datafield>
  <datafield tag="100" ind1=" " ind2=" ">
    <subfield code="a">&#x639;&#x628;&#x64A;&#x62F; &#x627;&#x644;&#x644;&#x6C1; &#x641;&#x6C1;&#x62F; &#x641;&#x644;&#x627; &#x62D;&#x6CC;</subfield>
  </datafield>
  <datafield tag="245" ind1=" " ind2=" ">
    <subfield code="a">&#x6A9;&#x62A;&#x627; &#x628; &#x630; &#x6A9;&#x631; &#x648; &#x641;&#x6A9;&#x631;: &#x642;&#x631; &#x622; &#x646; &#x67E;&#x627; &#x6A9; &#x67E;&#x631; &#x645;&#x642;&#x627; &#x644;&#x627; &#x62A; &#x6A9;&#x627; &#x627; &#x646;&#x62A;&#x62E;&#x627; &#x628;</subfield>
    <subfield code="c">&#x639;&#x628;&#x64A;&#x62F; &#x627;&#x644;&#x644;&#x6C1; &#x641;&#x6C1;&#x62F; &#x641;&#x644;&#x627; &#x62D;&#x6CC;</subfield>
  </datafield>
  <datafield tag="246" ind1=" " ind2=" ">
    <subfield code="a">Kitab-e-Zikr-o-Fikr(Quran Paak per Maqalaat ka Intekhab)</subfield>
    <subfield code="b">by Dr. Obaidullah Fahad falahi</subfield>
  </datafield>
  <datafield tag="260" ind1=" " ind2=" ">
    <subfield code="b">Al-Qalam Publications</subfield>
    <subfield code="c">2014</subfield>
  </datafield>
  <datafield tag="260" ind1=" " ind2=" ">
    <subfield code="b">k.K.P. (Vender)</subfield>
  </datafield>
  <datafield tag="270" ind1=" " ind2=" ">
    <subfield code="a">Truckyard,Baramulla, ,</subfield>
    <subfield code="b">Kashmir</subfield>
    <subfield code="e">193101</subfield>
  </datafield>
  <datafield tag="270" ind1=" " ind2=" ">
    <subfield code="a"> 4806/24,Bharat Ram Road ,Dariya Ganj,</subfield>
    <subfield code="b">New Delhi (Vender)</subfield>
    <subfield code="e">110002</subfield>
    <subfield code="k">011 64527574,Fax47340207,M:9213116968-</subfield>
  </datafield>
  <datafield tag="300" ind1=" " ind2=" ">
    <subfield code="a">316+12&#x635;</subfield>
    <subfield code="c">22Cm (Hb)</subfield>
  </datafield>
  <datafield tag="942" ind1=" " ind2=" ">
    <subfield code="2">ddc</subfield>
    <subfield code="c">UR</subfield>
    <subfield code="e"> </subfield>
    <subfield code="h">270</subfield>
    <subfield code="m">&#x639; &#x628; &#x6D2;</subfield>
  </datafield>
  <datafield tag="999" ind1=" " ind2=" ">
    <subfield code="c">87390</subfield>
    <subfield code="d">87390</subfield>
  </datafield>
  <datafield tag="952" ind1=" " ind2=" ">
    <subfield code="0">0</subfield>
    <subfield code="1">0</subfield>
    <subfield code="2">ddc</subfield>
    <subfield code="4">0</subfield>
    <subfield code="7">1</subfield>
    <subfield code="8">NFIC</subfield>
    <subfield code="a">DBAD</subfield>
    <subfield code="b">DBAD</subfield>
    <subfield code="d">2015-02-02</subfield>
    <subfield code="e">DBAD/Pub.</subfield>
    <subfield code="g">250.00</subfield>
    <subfield code="l">0</subfield>
    <subfield code="o">270 &#x639; &#x628; &#x6D2;</subfield>
    <subfield code="p">U-7120</subfield>
    <subfield code="r">2015-02-02 00:00:00</subfield>
    <subfield code="t">1</subfield>
    <subfield code="v">250.00</subfield>
    <subfield code="w">2015-02-02</subfield>
    <subfield code="y">UR</subfield>
  </datafield>
</record>
